Online Catalogue and eLibrary

Sinhala language and culture (Record no. 3006)

MARC details
000 -LEADER
fixed length control field 00423nam a2200169Ia 4500
005 - DATE AND TIME OF LATEST TRANSACTION
control field 20240815035000.0
008 - FIXED-LENGTH DATA ELEMENTS--GENERAL INFORMATION
fixed length control field 240331s9999 xx 000 0 und d
082 ## - DDC Classification
Item Number - Author Mark WIC
Class No. 491.48
100 ## - MAIN ENTRY--PERSONAL NAME
Personal name Wickremasinghe, M
245 #0 - TITLE STATEMENT
Title Sinhala language and culture
260 ## - PUBLICATION, DISTRIBUTION, ETC.
Place of publication, distribution, etc. Dehiwala
Name of publisher, distributor, etc. Tisara Prakasakayo Ltd
Date of publication, distribution, etc. 1975
300 ## - PHYSICAL DESCRIPTION
Extent (e.g. Volumes, Pages etc.) 155 p .,
650 ## - SUBJECT ADDED ENTRY--TOPICAL TERM
Topical term or geographic name entry element Sinhala Language
650 ## - SUBJECT ADDED ENTRY--TOPICAL TERM
Topical term or geographic name entry element Culture
650 ## - SUBJECT ADDED ENTRY--TOPICAL TERM
Topical term or geographic name entry element Political
942 ## - Koha item type (Biblio)
Koha item type Books in Stacks (Lending)
Holdings
Lost status Damaged status Collection code Home library Current library Shelving location Date acquired Full call number Accession Number Item type
    Lending WERC Library WERC Library Social Science Cupboard 03/31/2024 491.48 WIC 117 Books in Stacks (Lending)

© WERC Library